000 00724cam a22002413a 4500
001 13206
003 PGUSA
005 20140828083302.0
008 040817s2004||||xxu|||||s|||||000 | eng d
040 _aPGUSA
_beng
042 _adc
050 4 _aBX
100 1 _aWishart, Alfred Wesley,
_d1865-1933
245 1 2 _aA Short History of Monks and Monasteries
_h[electronic resource] /
_cAlfred Wesley Wishart
260 _bProject Gutenberg,
_c2004
506 _aPublic domain in the USA.
516 _aElectronic text
653 _aMonasteries -- History
653 _aMonasticism and religious orders -- History
830 0 _aProject Gutenberg
_v13206
856 4 0 _uhttp://www.gutenberg.org/ebooks/13206
942 _cEB
999 _c242461
_d242461